书目信息 |
| 题名: |
人为什么活着
|
|
| 作者: | 王小波 著 ;刘慧 编 | |
| 分册: | ||
| 出版信息: | 武汉 长江文艺出版社 2007 |
|
| 页数: | 192页 | |
| 开本: | 23cm | |
| 丛书名: | 中外名家经典随笔 | |
| 单 册: | ||
| 中图分类: | I267.1 | |
| 科图分类: | ||
| 主题词: | 随笔--sui bi--中国--现代--选集 | |
| 电子资源: | ||
| ISBN: | 978-7-5354-3533-0 | |
| 000 | 00755nam 2200241 450 | |
| 001 | 003722427 | |
| 005 | 20080910110220.42 | |
| 010 | @a978-7-5354-3533-0@dCNY18.00 | |
| 100 | @a20080401d2007 em y0chiy0110 ea | |
| 101 | 0 | @achi |
| 102 | @aCN@b420000 | |
| 105 | @ay z 000cy | |
| 200 | 1 | @a人为什么活着@Aren wei shen me huo zhuo@f王小波著@g刘慧编 |
| 210 | @a武汉@c长江文艺出版社@d2007 | |
| 215 | @a192页@d23cm | |
| 225 | 2 | @a中外名家经典随笔@Azhong wai ming jia jing dian sui bi@i王小波卷 |
| 410 | 0 | @12001 @a中外名家经典随笔@i王小波卷 |
| 606 | 0 | @a随笔@Asui bi@y中国@z现代@j选集 |
| 690 | @aI267.1@v4 | |
| 701 | 0 | @a王小波@Awang xiao bo@f1952-1997@4著 |
| 702 | 0 | @a刘慧@Aliu hui@4编 |
| 801 | 0 | @aCN@bNLC@c20080910 |
| 905 | @aZUCC@dI267.1@eW3801 | |
| 人为什么活着/王小波著/刘慧编.-武汉:长江文艺出版社,2007 |
| 192页;23cm.-(中外名家经典随笔.王小波卷) |
| ISBN 978-7-5354-3533-0:CNY18.00 |
| ● |
| 相关链接 |
|
|
|
正题名:人为什么活着
索取号:I267.1/W3801
 
预约/预借
| 序号 | 登录号 | 条形码 | 馆藏地/架位号 | 状态 | 备注 |
| 1 | 677731 | 206777317 | 文学库116/ [索取号:I267.1/W3801] | 在馆 | |
| 2 | 677732 | 206777326 | 文学库116/ [索取号:I267.1/W3801] | 在馆 | |
| 3 | 677733 | 206777335 | 文学库116/116文学库 10排6列4层/ [索取号:I267.1/W3801] | 在馆 |